Szczegóły MARC21

Dzielnica I Związku Polaków w Niemczech (1923-1939) /

003 -Nazwa inst., której nr kontr. jest w polu 001 [,]
    • @
    • Nazwa instytucji, której n kontrolny jest w polu 001
    • NUKAT
005 -DATA I CZAS OSTATNIEJ MODYFIKACJI [,]
    • @
    • pole kontrolne
    • 20241231103636.0
020 -Międzynarod. znormalizowany nr książki - ISBN [ , ]
    • a
    • Numer ISBN
    • 8385678182 Find
040 -Instytucja sporządzająca opis [ , ]
    • a
    • Instytucja, która sporządziła opis (NP)
    • GD U/AP
    • c
    • Instytucja, która sporządziła rekord (NP)
    • GD U/AP
    • d
    • Instytucja, która zmodyfikowała rekord (P)
    • GD U/APs
041 -Język dokumentu [0, ]
    • a
    • Język tekstu (P)
    • polski
    • b
    • Język streszczeń lub abstraktu (P)
    • niemiecki
942 -Rodzaj dokumentu [ , ]
    • c
    • Rodzaj dokumentu
    • Książka
100 -Hasło główne - nazwa osobowa [1, ]
    • a
    • Nazwa osobowa (NP)
    • Masnyk, Marek
    • d
    • Daty biograficzne (NP)
    • (1956- ).
    • 9
    • KHW
    • 42881
245 -Strefa tytułu i oznaczenia odpowiedzialności [1,0]
    • a
    • Tytuł
    • Dzielnica I Związku Polaków w Niemczech (1923-1939) / Find
    • c
    • Pozostałe elementy strefy tytułu i oznaczenia odpowiedzialności (NP)
    • Marek Masnyk.
260 -Strefa adresu wydawniczego [ , ]
    • a
    • Miejsce wydania (P)
    • Opole :
    • b
    • Nazwa wydawcy (P)
    • WSP im. Powstańców Śląskich,
    • c
    • Data wydania (P)
    • 1994.
300 -Strefa opisu fizycznego [ , ]
    • a
    • Określenie formy książki i/lub objętość (NP)
    • 268 s. ;
    • c
    • Format (NP)
    • 24 cm.
336 -Typ zawartości [ , ]
    • a
    • Termin opisujący typ zawartości
    • Tekst
    • b
    • Kod określający zawartość
    • txt
    • 2
    • Źródło (terminu i kodu)
    • rdacontent
337 -Typ mediów [ , ]
    • a
    • Tryb odtwarzania
    • Bez urządzenia pośredniczącego
    • b
    • Kod typu mediów
    • n
    • 2
    • Źródło (terminu i kodu)
    • rdamedia
338 -Typ/rodzaj nośnika [ , ]
    • a
    • Hasło opisujące typ nośnika
    • Wolumin
    • b
    • Kod typu nośnika
    • nc
    • 2
    • Źródło (terminu i kodu)
    • rdacarrier
490 -Strefa serii i książki wielotomowej - forma nie do wyszukiwania [1, ]
    • a
    • Tytuł (P)
    • Studia i Monografie / Wyższa Szkoła Pedagogiczna im. Powstańców Śląskich w Opolu, Find
    • x
    • ISSN (NP)
    • 0239-6718 ;
    • v
    • Numeracja (P)
    • nr 219
830 -Hasło dodatkowe serii i opisu książki wielotomowej - tytuł ujednolicony/tytuł [ ,0]
    • a
    • Tytuł ujednolicony/tytuł (NP)
    • Studia i Monografie - Wyższa Szkoła Pedagogiczna im. Powstańców Śląskich w Opolu
    • x
    • ISSN
    • 0239-6718
    • v
    • Oznaczenie tomu (NP)
    • nr 219
    • 9
    • KHW
    • 9580
504 -Uwaga dot. bibliogr. załącznikowej [ , ]
    • a
    • Uwaga dot. bibliografii załącznikowej
    • Bibliogr. s. 263-265.
546 -Uwaga dot. języka [ , ]
    • a
    • Uwaga dot. języka
    • Streszcz. niem.
080 -Uniwersalna Klasyfikacja Dziesiętna [ , ]
    • 2
    • Identyfikator wydania tablic
    • UDC-P058
    • 9
    • UKD
    • 7024
    • a
    • Symbol klasyfikacji
    • 94(438).081
    • b
    • Dopowiedzenie
    • Historia Polski. Okres międzywojenny 1918-1939.
080 -Uniwersalna Klasyfikacja Dziesiętna [ , ]
    • 2
    • Identyfikator wydania tablic
    • UDC-P058
    • 9
    • UKD
    • 2868
    • a
    • Symbol klasyfikacji
    • 323.15
    • b
    • Dopowiedzenie
    • Mniejszości narodowe.
    • 4
    • UKD2
    • 7885
    • x
    • Poddział wspólny
    • (430)
    • c
    • Dopowiedzenie poddz. wspólnego
    • (Niemcy. Republika Federalna od 1990).
610 -Hasło przedmiotowe w formie nazwy ciała zbiorowego [2,7]
    • a
    • Nazwa ciała zbiorowego lub nazwa geograficzna
    • Bund der Polen in Deutschland.
    • b
    • Nazwa jednostki podrzędnej
    • Dzielnica I.
    • 2
    • Źródło terminu
    • kaba
    • 9
    • KHW
    • 286014
980 -Symbol UKD [ , ]
    • a
    • UKD
    • 94(438).081::323.15(430)
920 -ISBN [ , ]
    • a
    • ISBN
    • 83-85678-18-2 Find
931 -Powiązanie tyt. z wydaw. ciągłym [ , ]
    • a
    • Powiązanie tytułówki z wydaw. ciągłym
    • PATRZ WYDAWNICTWO CIĄGŁE
    • z
    • Numer rek. powiązanego
    • 197591